Encyclopedia of modern technology
The pace of technological change is quickening all the time. Hardly a day goes by without some new innovation which promises to revolutionize the way live.
Saved in:
| Main Author: | |
|---|---|
| Format: | Book |
| Language: | Undetermined |
| Published: |
Boston, Mass.
G.K. Hall & Co.
1987
|
| Subjects: | |
| Tags: |
Add Tag
No Tags, Be the first to tag this record!
|
| Institutions: | Trung tâm Học liệu Trường Đại học Cần Thơ |
|---|
| LEADER | 00756nam a2200205Ia 4500 | ||
|---|---|---|---|
| 001 | CTU_218422 | ||
| 008 | 210402s9999 xx 000 0 und d | ||
| 082 | |a 620.003 | ||
| 082 | |b H176 | ||
| 100 | |a Hall, G.K. | ||
| 245 | 0 | |a Encyclopedia of modern technology | |
| 245 | 0 | |c G. K. Hall ; Edited by David Blackburn, Geoffrey Holister | |
| 260 | |a Boston, Mass. | ||
| 260 | |b G.K. Hall & Co. | ||
| 260 | |c 1987 | ||
| 520 | |a The pace of technological change is quickening all the time. Hardly a day goes by without some new innovation which promises to revolutionize the way live. | ||
| 650 | |a Technology,Công nghệ | ||
| 650 | |x Encyclopedias,Bách khoa toàn thư | ||
| 904 | |i Qhieu | ||
| 980 | |a Trung tâm Học liệu Trường Đại học Cần Thơ | ||